| 000 | 00739cam a22002417a 4500 | ||
|---|---|---|---|
| 003 | CHAP | ||
| 005 | 20220329141408.0 | ||
| 008 | 971013s r 00010 d | ||
| 010 | _a67473 | ||
| 011 | _a68445 | ||
| 035 | _a77917 | ||
| 040 | _cCHAP | ||
| 082 |
_a036 _bE58 |
||
| 245 | 0 |
_aEncyclopedias and Dictionaries of the World _b: The most complete guide to standard reference sources ever compiled |
|
| 260 |
_aNew York : _bPergamon Press, _c[198] |
||
| 300 | _a154 p. | ||
| 590 |
_aBATCH-UPD _b10 _c20130110 _lUCH01 _h1850 |
||
| 590 |
_aCONVERSION _b10 _c20130109 _lUCH01 _h1337 |
||
| 650 | 1 | 4 |
_aEnciclopedias y diccionarios. _936750 |
| 901 | _aBK | ||
| 942 | _cLIBRO | ||
| 949 |
_a036 E58 _bBC _cC _d33724000750311 _eC _h73501 _i77917 _sb |
||
| 999 |
_c67473 _d67473 |
||